Inside C#

Nội dung giới thiệu căn bản về lập trình hướng đối tượng, giới thiệu Microsoft .NET, làm quen với C#, cơ bản về lớp, viết Code và lập trình nâng cao C#.

Enregistré dans:
Détails bibliographiques
Auteur principal: Phạm, Hồng Tài
Format: Livre
Langue:Undetermined
Publié: Hà Nội Thống kê 2002
Sujets:
Tags: Ajouter un tag
Pas de tags, Soyez le premier à ajouter un tag!
Thư viện lưu trữ: Trung tâm Học liệu Trường Đại học Cần Thơ
LEADER 00839nam a2200193Ia 4500
001 CTU_232100
008 210402s9999 xx 000 0 und d
082 |a 005.133 
082 |b T103 
100 |a Phạm, Hồng Tài 
245 0 |a Inside C# 
245 0 |c Phạm Hồng Tài, Nguyễn Phước Lành, Đỗ Kim Oanh 
260 |a Hà Nội 
260 |b Thống kê 
260 |c 2002 
520 |a Nội dung giới thiệu căn bản về lập trình hướng đối tượng, giới thiệu Microsoft .NET, làm quen với C#, cơ bản về lớp, viết Code và lập trình nâng cao C#. 
650 |a C++ (ngôn ngữ chương trình máy tính),C++ (Computer program language) 
910 |b dqhieu 
980 |a Trung tâm Học liệu Trường Đại học Cần Thơ